| 000 | 00694nam a2200229 i 4500 | ||
|---|---|---|---|
| 001 | 60917 | ||
| 003 | ES-MaACL | ||
| 005 | 20250921063027.0 | ||
| 007 | t| | ||
| 008 | 031107s1964 sp ||||1| cat d | ||
| 100 | 1 |
_aEstruch, Joan, _d1943- _948256 |
|
| 245 | 1 | 2 |
_aL'ecumenisme, actitud espiritual / _cJuan Estruch ; presentació de Mossen Josep Cardús. |
| 250 | _a[1ª ed.]. | ||
| 260 |
_aHospitalet : _bNova Terra, _c[1964] |
||
| 300 |
_a125 p. ; _c20 cm. |
||
| 490 | 1 |
_aL'Home Nou ; _v4 |
|
| 650 | 0 | 4 |
_aEcumenismo. _912045 |
| 700 | 1 |
_aCardús, Mossen Josep. _935216 |
|
| 830 | 0 |
_aL'Home Nou ; _v4 _9181581 |
|
| 852 |
_aES-MaACL _jC-26863 _bR.55789 |
||
| 999 |
_c60917 _d60917 |
||